The Bread for Today and the Bread for Tomorrow : (Record no. 603956)

MARC details
000 -LEADER
fixed length control field 00562nam a2200193 a 4500
008 - FIXED-LENGTH DATA ELEMENTS--GENERAL INFORMATION
fixed length control field 251218s2001##################000#0#eng##
020 ## - INTERNATIONAL STANDARD BOOK NUMBER
ISBN 9780820452678
082 04 - DEWEY DECIMAL CLASSIFICATION NUMBER
Classification number 234.16309519
Item number KIM
100 1# - MAIN ENTRY--AUTHOR NAME
Personal name Kim, Dong-Sun,
245 10 - TITLE STATEMENT
Title The Bread for Today and the Bread for Tomorrow :
260 ## - PUBLICATION, DISTRIBUTION, ETC. (IMPRINT)
Name of publisher Peter Lang Incorporated, International Academic Publishers,
Year of publication 2001.
300 ## - PHYSICAL DESCRIPTION
Number of Pages 288 pages
650 #0 - SUBJECT ADDED ENTRY--TOPICAL TERM
Topical Term Cooking.
942 ## - ADDED ENTRY ELEMENTS (KOHA)
Koha item type English Books
Holdings
Withdrawn status Lost status Damaged status Not for loan Home library Current library Shelving location Date acquired Full call number Accession Number Price effective from Koha item type
        Anna Centenary Library Anna Centenary Library 3RD FLOOR, B WING 22.12.2025 234.16309519 KIM 218102 22.12.2025 English Books

Find us on the map